MDQL
is popping MORE tags! Check the
thread
!
Quizzes
Events
Quiz Creation
Community
Videos
Private Events
Remove Ads
Sign In
Join for FREE
Feedback
Dark Mode
Quiz Categories
Sports
Geography
Music
Movies
Television
Just For Fun
Miscellaneous
History
Literature
Language
Science
Gaming
Entertainment
Religion
Holiday
For Kids
Quiz Lab
Recent
Popular Today
Quiz Kudos Today
Editor Picks
Curator Picks
Quizzes by...
Day
Popularity
Type
Ratings
Length
Year
Community
Subscriptions
Recent Discussions
Orange Saloon
Badges
Playlists
Quests
Create
Leaderboards
Showdown
Live 5
Trivia Bingo
Activity
Puzzle Library
Sporcle Events
Private Events
Virtual Trivia
Globe League
Become a Host
Pub Owners
SporcleCon
Opinionation
Our Games
Videos
Blog
Mobile Apps
Partnerships
Remove Ads and Go Orange
Feedback
Sports
Athletes
MLB
NBA
NHL
NFL
Soccer
Sports Teams
WWE
NCAA
Football
Premier League
Basketball
Baseball
Hockey
Golf
Tennis
Cricket
Rugby
Auto Racing
Olympics
World Cup
Sports
Athletes
MLB
NBA
NHL
NFL
Soccer
Sports Teams
WWE
NCAA
Football
Premier League
Basketball
Baseball
Hockey
Golf
Tennis
Cricket
Rugby
Auto Racing
Olympics
World Cup
Random Quiz
Search Sporcle
×
Quiz Lab
Quiz Lab
Sports
Premier League
Type in answers that appear in a list
Type in answers that appear in a list
Classic
Best Score? Go Orange.
Every Argentinian Premier League Goalscorer Stats
Can you name every Argentinian to score in the Premier League?
By
meat1000
8m
39 Questions
342 Plays
342 Plays
342 Plays
Comments
Comments
Give Quiz Kudos
Give Quiz Kudos
-
- Ratings
hide this ad
Replay
Link that replays current quiz
Next Quiz
Link to next quiz in quiz playlist
You Got
0%
They Got
Avg Score
41%
Avg Friend Score
Upgrade to see
Score Distribution
Jump to the score distribution portion of the page
Score
0/39
Timer
08:00
0
Plays Today
Clubs Scored For
Player
% Correct
Man City
Sergio Aguero
96.8%
West Ham, Man United, Man City
Carlos Tevez
91.8%
Man United, Chelsea
Juan Sebastian Veron
81.6%
West Ham, Liverpool
Javier Mascherano
79.2%
Man City
Pablo Zabaleta
77.5%
Spurs
Erik Lamela
68.1%
Liverpool
Maxi Rodriguez
64.9%
Man United
Gabriel Heinze
64%
Man United
Angel Di Maria
63.7%
Chelsea
Hernan Crespo
63.5%
Newcastle
Fabricio Coloccini
62.9%
Man City
Nicolas Otamendi
61.4%
Leicester
Leonard Ulloa
57.9%
Man City
Martin Demichelis
50.6%
West Ham
Manuel Lanzini
50%
Newcastle
Jonas Gutierrez
48%
Sunderland, Middlesbrough
Julio Arca
45.6%
Leicester
Esteban Cambiasso
45%
Swansea
Federico Fernandez
44.2%
Everton
Ramiro Funes Mori
41.8%
Clubs Scored For
Player
% Correct
Blackburn, Wigan
Franco Di Santo
40.1%
Birmingham, West Ham
Mauro Zarate
38.9%
WBA
Claudio Yacob
38.3%
Watford
Roberto Pereyra
30.4%
Spurs
Mauricio Taricco
23.7%
Portsmouth
Andres D'Alessandro
21.1%
Fulham
Facundo Sava
18.7%
QPR
Alejandro Faurlin
18.1%
Blackburn
Mauro Formica
15.8%
Derby
Horacio Carbonari
15.5%
Newcastle
Christian Bassedas
13.7%
Everton
Denis Stracqualursi
13.2%
Newcastle
Daniel Cordone
12.6%
Derby
Emanuel Villa
12%
West Ham
Jonathan Calleri
10.8%
Middlesbrough
Carlos Marinelli
10.8%
Ipswich
Sixto Peralta
8.2%
Derby
Esteban Fuertes
5.8%
WBA
Juan Carlos Menseguez
4.7%
Quiz Playlist
Details
Report
Send in Message
Add To Playlist
Classic:
Type in answers that appear in a list
Last Updated: Feb 27, 2017
Quiz Scoreboard
CHALLENGE
Sign Up to Join the Scoreboard
Show All
Scores
Hide
Comments
May contain spoilers
Recently Published
1-10 Letter E Words III
by El_Dandy
Language
2m
Street Fighter Characters
by Artimus82
Gaming
60s
College Basketball Coaching Resumes
by pancakes188
Sports
9m
More to Explore
Quiz From the Vault
Featured Blog Post
Where Did the Easter Bunny Come From?
hide this ad
You Might Also Like...
Tags
Football Quiz
Premier League Quiz
Soccer Quiz
Argentina
Goal Scorers
Today's Top Quizzes in Sports
Browse Sports
hide this ad
Today's Top Quizzes in Premier League
Browse Premier League
Top Contributed Quizzes in Sports
1
2022 World Cup Stars
2
Les meilleurs buteurs des matchs entre le PSG et l’OM
3
FIFA Club World Cup Champions
4
Les entraîneurs de l'OM et du PSG au 21e siècle
5
Criteria MLB: Left Handed Sluggers
6
2023 MLB Unique Player Accomplishments
7
AFC Teams Reveal (Wrong Answers Minefield)
8
Players with Multiple 50 Home Run Seasons
9
5-to-1: FBS Animal Nicknames
10
5-to-1: UK Sports Teams
Explore More
Trending Topics
Marvel
Kpop
Anime
Disney
Harry Potter
NBA
Crossword
The Office
Puzzle
Country
Soccer
NFL
Song
WWE
Pokémon
hide this ad
More By:
meat1000
Quiz
Plays
Rating
Category
Featured
Created
England Footballers of the 1970s
6,720
5.00
Sports
Sep 22, 2015
England Footballers of the 1980s
4,989
5.00
Sports
Sep 22, 2015
North London Derby XIs 2010-2016
4,546
5.00
Sports
Jul 27, 2015
English League Cup Winning XIs since 1993
1,966
5.00
Sports
Mar 13, 2016
North London Derby XIs 2004-2010
1,702
4.89
Sports
Jul 27, 2015
Go to Creator's Profile
Score Distribution
Quiz Creator Spotlight
meat1000
Follow
Send a Message
Quizzes Created
-
Created Quiz Play Count
-
More By This Creator
Popular Quizzes Today
1
Find the US States - No Outlines Minefield
2
Find the Countries of Europe - No Outlines Minefield
3
The Countries of the World
4
Find the US States
5
Risky Map Clicking: Biggest States A-Z
6
US States
7
Popular People in 1961
8
Movies - When Are They Set?
More Sports Quizzes
Top 20 Right-Handed Home Run Hitters by Photo
Published
Trending Quizzes
Risky Map Clicking: Least Populous States A-Z
1-10 Letter G Words
1-10 Letter F Words
Countries of the World: 200 Million BC
Risky Map Clicking: Next State Alphabetically
Recently Updated
Beyoncé Albums
pecheneg
Leaping Animals
pecheneg
Reality TV Shows (A-Z)
bhenderson79
Rickey Henderson's Hall of Fame Teammates
pecheneg
Champions League XIs: Arsenal
pecheneg
Quick Pick: Celebrities in WWE's Hall of Fame
aduchscher
A-Z Keypad Blitz II
pecheneg
Multiple Oscar Actors
pecheneg
Mystery Phrase Blitz: Oscar 'Best Actors'
pecheneg
F. Scott Fitzgerald Novels
LTH
Trending Topics
NBA
Kpop
Marvel
Anime
Harry Potter
Crossword
Disney
WWE
Soccer
NFL
Puzzle
Pokémon
Country
Song
The Office
Your Account Isn't Verified!
In order to create a playlist on Sporcle, you need to verify the email address you used during registration. Go to your
Sporcle Settings
to finish the process.
Report this User
Report this user for behavior that violates our
Community Guidelines
.
Details:
Send Report
Go to the Sporcle.com Mobile Site →
Comments